| 000 | 00614nam a22001937a 4500 | ||
|---|---|---|---|
| 999 |
_c185128 _d185128 |
||
| 005 | 20220128125536.0 | ||
| 010 | _aUR-11415 | ||
| 020 |
_c200.00 _a9788194848127 |
||
| 035 | _aU-9970 | ||
| 037 |
_bDBAD/PUB _adpl |
||
| 082 | _a841 | ||
| 100 | _aقا ضی ا نو ر | ||
| 245 |
_aا بر کر م _cقا ضی ا نو ر |
||
| 246 |
_bAbr-e-Karam (Urdu) _aby Mushir Ahmed |
||
| 260 |
_aDelhi _bEducational Publishing House _c2020 ء |
||
| 270 |
_a3191,Vakil Street,Kucha Pandit,Lal Kuan, _bDelhi _e110006 _k23216162 _l- |
||
| 300 |
_a178 ص _c22 Cm(Hb) |
||
| 942 |
_2ddc _cUR _h841 _mا ن و |
||